L’année 2008 - Statistiques

Statistiques générales
  • Ce quiz a été pris 57 fois
    42 depuis la dernière actualisation
  • Le résultat moyen est 14 sur 28
Statistiques - réponses
Hint Réponse % Correct
Quel journaliste de TF1 a présenté son dernier journal télévisé le 10 juillet 2008 ? Patrick Poivre d’Arvor
86%
Comment s’appelle le nouveau président américain élu en 2008 ? Barack Obama
81%
Quel chanteur connu pour ses tubes comme “Big bisous” ou “Rosalie” est mort cette année ? Carlos
78%
Qui a gagné le championnat d’Europe de football cette année ? Espagne
78%
Quelle compétition de rallye a été annulé cette année à cause d’une menace terroriste ? Paris-Dakar
78%
Quelle française a obtenu l’Oscar de la meilleure actrice cette année ? Marion Cotillard
75%
Quelle ville italienne a été plongé dans le chaos suite au 20 000 tonnes de détritus entassés dans sa province ? Naples
72%
Dans quel pays, Carla Bruni-Sarkozy a fait son premier voyage officiel en tant que Première Dame ? Royaume-uni
72%
Dans quelle ville grecque, a eu lieu de violentes émeutes étudiantes contre une réforme sur l’éducation ? Athènes
69%
De quel pays est originaire le dernier Poilu mort cette année ? Italie
69%
Quelle entreprise pétrolière a été condamnée à verser 192 millions d’euros suite au naufrage de l’Erika ? Total
67%
Quel pays a été attaqué par la Russie suite au début d’une guerre avec l’Ossétie du Sud, une province séparatiste ? Géorgie
64%
Dans quelle région de Chine, des manifestations pacifiques de moines ont été réprimé faisant plus de 2 000 morts ? Tibet
61%
Quel virus, les français Luc Montagnier et Françoise Barré-Sinoussi ont-ils découvert en 1983 ? Ils ont reçu le Prix Nobel de médecine en 2008 ? VIH
61%
Quel grand couturier français ayant créé sa propre entreprise avec Pierre Bergé est mort cette année ? Yves Saint Laurent
61%
Dans quel pays, a eu l’affaire Fritzl ? Un homme ayant séquestré sa fille dans un abri anti-atomique pendant 24 ans. Autriche
50%
Du 26 au 29 novembre, quelle ville indienne a été victime d’une série d’attentat tuant 300 personnes ? Bombay
50%
Dans le film “Bienvenue chez les Ch’tis” sortis cette année, dans quelle ville du Nord est muté Dany Boon ? Bergues
44%
Qui est élu Président de la Russie cette année ? Dmitri Medvedev
39%
Comment s’appelle la femme politique colombo-française qui a été délivré suite à son enlèvement en 2002 par les FARC ? Ingrid Betancourt
39%
Quelle banque d’investissement a fait faillite le 15 septembre 2008 précipitant la crise économique mondiale de 2008 ? Lehman Brothers
33%
Avec combien de médailles, les athlètes français sont revenus des Jeux Olympiques de Pékin ? 40
31%
Dans quel pays un séisme s’est déclenché le 12 mai 2008 de magnitude 8 et faisant 80 000 morts ? Chine
28%
Qui a été élu Première Secrétaire du Parti socialiste en France cette année ? Martine Aubry
25%
Quelle entreprise publique française a été victime d’une série de sabotages de la mouvance anarcho-autonome ? SNCF
22%
Dans quelle ville, l’Armée française a tiré à balles réelles à la place de cartouches à blanc lors d’une démonstration publique ? Carcassonne
3%
Sœur Emmanuelle nous a quitté cette année. Comment s’appelle l’association pour des milliers d’enfants qu’elle a créé ? Asmae
0%
Quel pays a accordé la grâce présidentielle aux 6 membres de l’Arche de Zoé (association française d’aide humanitaire) ? Tchad
0%
Aucun quiz correspondant
Distribution des résultats
% des personnes avec chaque résultat
Percentile par nombre de réponses
Votre historique - résultats
Vous n’avez pas pris ce quiz depuis la dernière actualisation